| 000 | 00928nam a2200265Ia 4500 | ||
|---|---|---|---|
| 003 | OSt | ||
| 005 | 20251015112426.0 | ||
| 008 | 221004b |||||||| |||| 00| 0 hin d | ||
| 020 | _a8185999422 (hbk) | ||
| 037 | _cTextual | ||
| 040 |
_aCRL _cCRL _bhin |
||
| 041 |
_2hin _ahin |
||
| 084 | _aO152,6N12:g, P2 | ||
| 100 |
_aसुधा सिंह _9848361 |
||
| 245 | 0 | _aआधुनिक साहित्य और रामविलास शर्मा / | |
| 246 | _aĀdhunik sāhitya aur rāmavilās sharmā | ||
| 260 |
_aदिल्ली, भारत: _bस्वराज प्रकाशन, _c2002. |
||
| 300 |
_a255पृ0 _ccm. |
||
| 942 |
_hO152,6N12:g, P2 _cTEXL _2CC _n0 |
||
| 999 |
_c1014278 _d1014278 |
||